Tramwaje Śląskie - linia 6 - Statystyki

Ogólne statystyki
  • Ten quiz został rozwiązany 17 razy
  • Średni wynik to 14 z 45
Statystyki odpowiedzi
Hint Odpowiedź % Poprawnych
45. Brynów Centrum Przesiadkowe
71%
1. Bytom Szkoła Medyczna
57%
23. Chorzów AKS
57%
21. Chorzów Rynek
57%
36. Katowice Plac Miarki
57%
33. Katowice Rondo
57%
34. Katowice Rynek
57%
35. Katowice Św. Jana
57%
43. Brynów Drozdów
43%
42. Brynów Gawronów
43%
44. Brynów Słowików
43%
14. Bytom Arki Bożka
43%
9. Bytom Plac Sikorskiego
43%
24. Chorzów Stadion Śląski
43%
22. Chorzów Teatr Rozrywki
43%
28. Dąb Kościół
43%
37. Katowice Jordana
43%
39. Katowice Kościuszki Szpital
43%
32. Katowice Sokolska
43%
38. Katowice Stadion AWF
43%
31. Katowice Stęślickiego
43%
41. Brynów Zgrzebnioka
29%
2. Bytom Łużycka
29%
20. Chorzów Muzeum Hutnictwa
29%
18. Chorzów Polna
29%
30. Dąb Huta Baildon
29%
29. Dąb Silesia City Center
29%
40. Katowice Kościuszki Basen
29%
26. Park Śląski Ogród Zoologiczny
29%
25. Park Śląski Wejście Główne
29%
27. Park Śląski Wesołe Miasteczko
29%
4. Bytom Kąpielisko
14%
12. Bytom Teatr Tańca-Rozbark
14%
6. Bytom Urząd Miasta
14%
5. Bytom Wrocławska
14%
16. Łagiewniki Media-Markt
14%
11. Rozbark Siemianowicka
14%
7. Bytom Batorego
0%
10. Bytom Głęboka
0%
8. Bytom Moniuszki
0%
13. Bytom Park Mickiewicza
0%
3. Bytom Wallisa
0%
19. Chorzów Nowa
0%
15. Łagiewniki Cmentarz
0%
17. Łagiewniki Zajezdnia
0%
Nie znaleziono quizów pasujących do podanych kryteriów
Rozkład punktacji
Procent ludzi z każdym wynikiem
Percentyl według liczby udzielonych odpowiedzi
Twoja historia wyników
Nie rozwiązałeś tego quizu